[Event "GAMMA Reykjavik Open 2019"]
[Site "Reykjavik ISL"]
[Date "2019.04.14"]
[Round "7.30"]
[White "Piasetski, Leon"]
[Black "Thorfinnsson, Bragi"]
[Result "0-1"]
[WhiteTitle "IM"]
[BlackTitle "GM"]
[WhiteElo "2222"]
[BlackElo "2436"]
[WhiteFideId "2600072"]
[BlackFideId "2300958"]
[EventDate "2019.04.08"]

1. Nf3 c5 2. c4 Nf6 3. Nc3 b6 4. e4 d6 5. d4 cxd4 6. Nxd4 Bb7 7. f3 e6 8. Be2
Be7 9. O-O O-O 10. Be3 a6 11. Qb3 Nbd7 12. Rfd1 Qc7 13. Rac1 Rac8 14. a3 Kh8 15.
Qa2 Rg8 16. b4 g5 17. Qb2 Ne5 18. Nb3 Qb8 19. c5 bxc5 20. bxc5 dxc5 21. Na4 g4
22. f4 Nf3+ 23. Kh1 Bxe4 24. Rd7 Bf8 25. Rxf7 Bg7 26. Rxg7 Rxg7 27. Naxc5 e5 28.
Nxe4 Rxc1+ 29. Qxc1 Nxe4 30. gxf3 Rc7 31. Qb1 Nc3 32. Qf5 Nxe2 33. Qxe5+ Kg8 34.
Qe6+ Rf7 35. Qxg4+ Rg7 36. Qe6+ Kh8 37. Nd2 Qg8 38. Qe5 Qc8 39. Ne4 Kg8 40. Qd5+
Kh8 41. Qe5 Qb7 42. Ng5 h6 43. Qe8+ Rg8 44. Qh5 Qb1+ 45. Kg2 Rg6 46. Kf2 Qc2 47.
Ke1 Nc3 48. Bd4+ Kg8 49. Bxc3 Qxc3+ 50. Kf2 Qc2+ 51. Kg3 hxg5 52. fxg5 Re6 0-1

[Event "GAMMA Reykjavik Open 2019"]
[Site "Reykjavik ISL"]
[Date "2019.04.14"]
[Round "7.31"]
[White "Kreckovic, Milos"]
[Black "Astaneh Lopez, Alex"]
[Result "0-1"]
[BlackTitle "IM"]
[WhiteElo "2168"]
[BlackElo "2427"]
[WhiteFideId "918709"]
[BlackFideId "2501430"]
[EventDate "2019.04.08"]

1. d4 Nf6 2. c4 e6 3. Nc3 Bb4 4. a3 Bxc3+ 5. bxc3 O-O 6. f3 d5 7. e3 c5 8. cxd5
exd5 9. Bd3 b6 10. Ne2 Ba6 11. Bxa6 Nxa6 12. O-O Qd7 13. Qd3 Qb7 14. g4 Rfe8 15.
Ng3 Rad8 16. Ra2 Nc7 17. Rg2 Qa6 18. Qf5 Nb5 19. Qg5 h6 20. Qh4 Nh7 21. e4 Nxc3
22. g5 hxg5 23. Bxg5 Nxg5 24. Qxg5 Rd6 25. Nf5 Rg6 26. Ne7+ Rxe7 27. Qxe7 Ne2+
28. Kf2 Rxg2+ 29. Kxg2 Nf4+ 30. Kg3 Qxf1 31. Kxf4 Qc1+ 32. Ke5 dxe4 33. Qd8+ Kh7
34. Qh4+ Qh6 35. Qxe4+ g6 36. d5 Qxh2+ 37. Kf6 Qc7 38. Qh4+ Kg8 0-1

[Event "GAMMA Reykjavik Open 2019"]
[Site "Reykjavik ISL"]
[Date "2019.04.15"]
[Round "8.2"]
[White "Gupta, Abhijeet"]
[Black "Grandelius, Nils"]
[Result "1/2-1/2"]
[WhiteTitle "GM"]
[BlackTitle "GM"]
[WhiteElo "2602"]
[BlackElo "2687"]
[WhiteFideId "5010608"]
[BlackFideId "1710400"]
[EventDate "2019.04.08"]

1. d4 d5 2. c4 e6 3. Nc3 a6 4. cxd5 exd5 5. Nf3 h6 6. Qb3 Nf6 7. Bf4 Bd6 8. Bg3
Nc6 9. e3 Bf5 10. Be2 O-O 11. O-O Bxg3 12. hxg3 Qd6 13. Rac1 Rfe8 14. Na4 b6 15.
Qa3 Nb4 16. Ne5 a5 17. Nc3 c5 18. g4 Bh7 19. Qa4 Rxe5 20. dxe5 Qxe5 21. Qb5 Bd3
22. Bxd3 Nxg4 23. Rfe1 Qh2+ 24. Kf1 Qh1+ 25. Ke2 Qxg2 26. Rf1 Ne5 27. Bb1 Qf3+
28. Ke1 Qg4 29. f4 Qg3+ 30. Ke2 Qg4+ 31. Ke1 Qg3+ 32. Ke2 Ng4 33. Rce1 c4 34.
Nd1 Qg2+ 35. Rf2 Nxf2 36. Nxf2 d4 37. exd4 Nd5 38. Be4 Nxf4+ 39. Kd1 Qxf2 40.
Bxa8 Qxd4+ 41. Kc2 Qf2+ 42. Kd1 Qd4+ 43. Kc1 Nd3+ 44. Kb1 Nxe1 45. Qe8+ Kh7 46.
Be4+ g6 47. Qxf7+ Qg7 48. Qxc4 Qe7 49. Qc6 Qf7 50. Qc3 Qf1 51. Qc7+ Kh8 52. Qe5+
Kh7 53. Qe7+ Kh8 54. Qe8+ Kg7 55. Qxg6+ Kf8 56. Qd6+ Kf7 57. Bd5+ Kg7 58. Qe5+
Kg6 59. Be4+ Kf7 60. Qc7+ Ke6 61. Qc6+ Ke7 62. Qc7+ Ke6 63. Qc6+ Ke7 64. Qb7+
Kf6 65. Qc6+ 1/2-1/2

[Event "GAMMA Reykjavik Open 2019"]
[Site "Reykjavik ISL"]
[Date "2019.04.15"]
[Round "8.3"]
[White "L'Ami, Erwin"]
[Black "Petrosian, Tigran L."]
[Result "1/2-1/2"]
[WhiteTitle "GM"]
[BlackTitle "GM"]
[WhiteElo "2647"]
[BlackElo "2605"]
[WhiteFideId "1007998"]
[BlackFideId "13301616"]
[EventDate "2019.04.08"]

1. d4 Nf6 2. c4 e6 3. Nf3 a6 4. Nc3 d5 5. cxd5 exd5 6. Bf4 Bd6 7. Bg3 O-O 8. e3
h6 9. Bd3 Be6 10. Qc2 Qe7 11. O-O Bxg3 12. fxg3 Nbd7 13. Rae1 c5 14. h3 b5 15.
a3 Rac8 16. Qb1 b4 17. axb4 cxb4 18. Ne2 a5 19. g4 Ne4 20. Bxe4 dxe4 21. Qxe4
Rfe8 22. Ng3 Nf6 23. Qb1 b3 24. Rf2 Qc7 25. Ne4 Nxe4 26. Qxe4 f6 27. d5 Bf7 28.
Qd4 Qc5 29. d6 Red8 30. Rd1 Qxd4 1/2-1/2

[Event "GAMMA Reykjavik Open 2019"]
[Site "Reykjavik ISL"]
[Date "2019.04.15"]
[Round "8.4"]
[White "Loiseau, Quentin"]
[Black "Parligras, Mircea-Emilian"]
[Result "0-1"]
[WhiteTitle "IM"]
[BlackTitle "GM"]
[WhiteElo "2461"]
[BlackElo "2633"]
[WhiteFideId "665274"]
[BlackFideId "1204297"]
[EventDate "2019.04.08"]

1. d4 Nf6 2. Nf3 d5 3. c4 e6 4. Nc3 Nbd7 5. Bf4 dxc4 6. e3 Nd5 7. Bxc4 Nxf4 8.
exf4 Nb6 9. Bb3 g6 10. h4 Bg7 11. h5 Bd7 12. Ne5 Qe7 13. Qe2 O-O-O 14. O-O-O
Rhe8 15. Ne4 Kb8 16. hxg6 hxg6 17. Rh7 Qf8 18. Nc5 Bc8 19. Qf3 Nd5 20. Bxd5 exd5
21. Rd3 Rd6 22. Rb3 Red8 23. Rxb7+ Bxb7 24. Qb3 Rb6 25. Ned7+ Ka8 26. Nxf8 Rxb3
27. Rxg7 Rb4 28. Rxf7 Rc4+ 29. Kb1 Bc8 30. b3 Bf5+ 31. Rxf5 gxf5 32. bxc4 Rxf8
33. cxd5 Re8 34. Ne6 Kb8 35. g3 Re7 36. Kc2 c6 37. Kd2 cxd5 38. Nc5 Kc7 39. a3
Kb6 40. a4 Ka5 41. Kc3 Re2 42. Nd3 Kxa4 43. Nb4 Rxf2 44. Nxd5 Kb5 45. Nc7+ Kc6
46. Ne6 Rf3+ 47. Kc4 Rxg3 48. d5+ Kd7 49. Kd4 Kd6 50. Nd8 Rg7 51. Nc6 Rg4 52.
Ke3 Kxd5 53. Nxa7 Kc5 0-1

[Event "GAMMA Reykjavik Open 2019"]
[Site "Reykjavik ISL"]
[Date "2019.04.15"]
[Round "8.5"]
[White "Hovhannisyan, Robert"]
[Black "Brunello, Sabino"]
[Result "1/2-1/2"]
[WhiteTitle "GM"]
[BlackTitle "GM"]
[WhiteElo "2630"]
[BlackElo "2534"]
[WhiteFideId "13302507"]
[BlackFideId "813613"]
[EventDate "2019.04.08"]

1. e4 c5 2. Nc3 d6 3. Bb5+ Bd7 4. Bxd7+ Qxd7 5. d4 cxd4 6. Qxd4 Nc6 7. Qd3 g6 8.
Nf3 Bg7 9. O-O Nf6 10. Nd5 O-O 11. c3 Ng4 12. Rd1 Nge5 13. Nxe5 Nxe5 14. Qe2 e6
15. Nb4 Qc7 16. Bf4 Rfd8 17. Nd3 Qc4 18. Kf1 Nc6 19. Ne1 d5 20. Qxc4 dxc4 21. a4
Be5 22. Bxe5 Nxe5 23. Ke2 g5 24. Rxd8+ Rxd8 25. a5 b5 26. axb6 axb6 27. Ra7 Kg7
28. Rb7 Rd6 29. Nf3 Nxf3 30. Kxf3 Kf6 31. Ke3 h5 32. Rc7 b5 33. Rc5 Rb6 34. h4
gxh4 35. Rxh5 b4 36. e5+ Kg6 37. Rxh4 bxc3 38. bxc3 Rb5 39. Re4 Rd5 40. Ke2 Kf5
41. Rxc4 Rxe5+ 42. Kf3 Re1 43. Rf4+ Kg6 44. Re4 Rc1 45. Re3 Rc2 46. g3 f6 47.
Rd3 e5 48. Ke3 Kg5 49. f4+ exf4+ 50. gxf4+ Kg4 51. Kd4 Kxf4 52. c4 Ra2 53. c5
Ra8 54. c6 Rc8 55. Kc5 f5 56. Rd7 Ke3 57. Re7+ Kd3 58. Rf7 Ke4 59. Kb6 f4 60.
Kb7 Rh8 61. Re7+ Kd3 62. c7 f3 63. Rf7 Ke2 64. c8=Q Rxc8 65. Kxc8 f2 66. Rxf2+
Kxf2 1/2-1/2

[Event "GAMMA Reykjavik Open 2019"]
[Site "Reykjavik ISL"]
[Date "2019.04.15"]
[Round "8.6"]
[White "Korley, Kassa"]
[Black "Tari, Aryan"]
[Result "0-1"]
[WhiteTitle "IM"]
[BlackTitle "GM"]
[WhiteElo "2440"]
[BlackElo "2615"]
[WhiteFideId "2033801"]
[BlackFideId "1510045"]
[EventDate "2019.04.08"]

1. d4 Nf6 2. c4 g6 3. g3 Bg7 4. Bg2 d5 5. cxd5 Nxd5 6. e4 Nb6 7. Ne2 c5 8. d5 e6
9. O-O O-O 10. Nec3 Na6 11. d6 e5 12. Na3 Be6 13. Be3 Qd7 14. Qd2 Rfd8 15. Rfd1
Qc6 16. Bf1 Bf8 17. Bb5 Qxd6 18. Qe2 Qe7 19. Bxa6 bxa6 20. Qxa6 Bg4 21. Rxd8
Rxd8 22. Nc2 Rd7 23. Qf1 Be6 24. Rd1 h5 25. h4 Bc4 26. Qe1 Bd3 27. Na3 Qe6 28.
f3 c4 29. Nab1 Bb4 30. Kg2 Na4 31. Rd2 Qc6 32. Qd1 Bxc3 33. Nxc3 Nxc3 34. bxc3
Rb7 35. Qc1 Rb1 36. Qa3 Qe6 37. Rb2 Bf1+ 38. Kf2 Qh3 39. Bc1 Qg2+ 40. Ke3 Qg1+ 0-1

[Event "GAMMA Reykjavik Open 2019"]
[Site "Reykjavik ISL"]
[Date "2019.04.15"]
[Round "8.8"]
[White "Kevlishvili, Robby"]
[Black "Movsesian, Sergei"]
[Result "1/2-1/2"]
[WhiteTitle "IM"]
[BlackTitle "GM"]
[WhiteElo "2451"]
[BlackElo "2637"]
[WhiteFideId "1040634"]
[BlackFideId "310204"]
[EventDate "2019.04.08"]

1. e4 c5 2. Nf3 e6 3. d4 cxd4 4. Nxd4 Nc6 5. Nc3 Qc7 6. Be3 a6 7. Nxc6 bxc6 8.
Qf3 Nf6 9. Qg3 Qxg3 10. hxg3 d5 11. Bd3 Rb8 12. exd5 cxd5 13. O-O-O Bd6 14. f4
Ke7 15. Bd4 h5 16. a3 Bb7 17. Rdf1 g6 18. Na4 Bc6 19. Nc5 a5 20. Re1 Rhc8 21. f5
Bxg3 22. fxe6 Ne4 23. exf7 Bxe1 24. Rxe1 Kxf7 25. Nxe4 dxe4 26. Bc4+ Ke8 27. Be5
Ra8 28. Rf1 Ba4 29. b3 Rxc4 30. bxc4 Rc8 31. Bd4 Rxc4 32. c3 Ke7 33. Kd2 Rc6 34.
Rb1 Ke6 35. Ke3 Kf5 36. Rb7 Ra6 37. Rb6 Ra8 38. Rf6+ Kg5 39. Kxe4 Bc2+ 40. Kf3
a4 41. Rf7 Bd1+ 1/2-1/2

[Event "GAMMA Reykjavik Open 2019"]
[Site "Reykjavik ISL"]
[Date "2019.04.15"]
[Round "8.9"]
[White "Potkin, Vladimir"]
[Black "Salomon, Johan"]
[Result "0-1"]
[WhiteTitle "GM"]
[BlackTitle "GM"]
[WhiteElo "2597"]
[BlackElo "2495"]
[WhiteFideId "4131061"]
[BlackFideId "1509500"]
[EventDate "2019.04.08"]

1. d4 Nf6 2. c4 e6 3. Nc3 Bb4 4. e3 O-O 5. Bd3 d5 6. Nf3 dxc4 7. Bxc4 c5 8. O-O
cxd4 9. exd4 b6 10. Re1 Bb7 11. Bd3 Nc6 12. a3 Bxc3 13. bxc3 Rc8 14. c4 Na5 15.
Ne5 Nd7 16. Qh5 g6 17. Qh3 Nxe5 18. dxe5 Nb3 19. Bxg6 fxg6 20. Qxb3 Qd4 21. Ra2
Rxc4 22. Bh6 Qd5 23. Qg3 Rc3 24. Rd2 Rxg3 25. Rxd5 Rxg2+ 26. Kxg2 Bxd5+ 27. Kf1
Bc4+ 28. Kg2 Rd8 29. Kf3 Kf7 30. Ke4 Ke8 31. Be3 Kd7 32. Rc1 Bd5+ 33. Kd4 Rf8
34. f4 Bc6 35. h4 Kc7 36. Kc3 Rd8 37. Bd4 Kb7 38. Rc2 Rd5 39. Rd2 Ra5 40. Kb2
Rb5+ 41. Kc1 Rb3 42. Bb2 Kc7 43. Rh2 h5 44. Kc2 Rg3 45. Bc1 Be4+ 46. Kb2 a5 47.
Bd2 Kc6 48. Re2 Bd5 49. a4 Rb3+ 50. Kc1 Ra3 51. Re3 Rxa4 52. Rg3 Be4 53. Rc3+
Kb7 54. Be3 Bd5 0-1

[Event "GAMMA Reykjavik Open 2019"]
[Site "Reykjavik ISL"]
[Date "2019.04.15"]
[Round "8.10"]
[White "Gretarsson, Hjorvar Steinn"]
[Black "Libiszewski, Fabien"]
[Result "0-1"]
[WhiteTitle "GM"]
[BlackTitle "GM"]
[WhiteElo "2571"]
[BlackElo "2488"]
[WhiteFideId "2302241"]
[BlackFideId "616834"]
[EventDate "2019.04.08"]

1. d4 d5 2. c4 e6 3. Nc3 a6 4. cxd5 exd5 5. Nf3 h6 6. Bf4 Nf6 7. e3 Bd6 8. Bg3
Bf5 9. Bd3 Bxd3 10. Qxd3 Qe7 11. Ne5 Nbd7 12. Nxd7 Qxd7 13. Be5 Ng4 14. f4 Nxe5
15. fxe5 Bb4 16. O-O Bxc3 17. bxc3 b5 18. Rf3 O-O 19. Raf1 Rae8 20. Rg3 Re6 21.
Qf5 Qc6 22. h4 g6 23. h5 g5 24. Rgf3 Kg7 25. Qg4 a5 26. a3 a4 27. R1f2 Kg8 28.
Kh2 Kg7 29. Rf1 Qe8 30. Rf6 Qe7 31. R1f5 Qxa3 32. Qf3 Qe7 33. Qxd5 c6 34. Qa2 a3
35. e4 Kg8 36. Rf1 Ra8 37. R6f5 Qc7 38. d5 Rxe5 39. Rxf7 Re7+ 40. d6 Qxd6+ 41.
Kg1 Qe6 42. R7f2 Qxa2 43. Rxa2 Rxe4 44. Rb1 Kf7 45. Rb3 Rea4 0-1

[Event "GAMMA Reykjavik Open 2019"]
[Site "Reykjavik ISL"]
[Date "2019.04.15"]
[Round "8.11"]
[White "Djukic, Nikola"]
[Black "Prithu, Gupta"]
[Result "0-1"]
[WhiteTitle "GM"]
[BlackTitle "IM"]
[WhiteElo "2566"]
[BlackElo "2478"]
[WhiteFideId "922412"]
[BlackFideId "46618546"]
[EventDate "2019.04.08"]

1. e4 e5 2. Nf3 Nc6 3. Bb5 g6 4. c3 a6 5. Ba4 Bg7 6. d4 exd4 7. cxd4 b5 8. Bb3
Nge7 9. d5 Na5 10. Bd2 Nxb3 11. Qxb3 c5 12. Bc3 f6 13. d6 Nc6 14. Qd5 b4 15. Bd2
Bb7 16. Qxc5 f5 17. e5 Rc8 18. Qe3 g5 19. Nxg5 f4 20. Qxf4 Nxe5 21. O-O Rc4 22.
Qf5 Qf6 23. Qxf6 Bxf6 24. f3 Nd3 25. Be3 Rg8 26. Nd2 Rc2 27. Nh3 Bxb2 28. Rad1
Bc3 29. Nf2 Ne5 30. Nde4 Nxf3+ 31. Kh1 Nh4 32. Bg5 Nxg2 33. Kxg2 Bxe4+ 34. Kh3
Bf5+ 35. Kh4 h6 36. Bf4 Bf6+ 37. Kh5 Rc5 0-1

[Event "GAMMA Reykjavik Open 2019"]
[Site "Reykjavik ISL"]
[Date "2019.04.15"]
[Round "8.13"]
[White "Sadzikowski, Daniel"]
[Black "Eggleston, David J"]
[Result "1-0"]
[WhiteTitle "GM"]
[BlackTitle "IM"]
[WhiteElo "2523"]
[BlackElo "2401"]
[WhiteFideId "1132253"]
[BlackFideId "412120"]
[EventDate "2019.04.08"]

1. c4 Nf6 2. Nc3 e6 3. e4 d5 4. cxd5 exd5 5. e5 Ne4 6. Nf3 Nc6 7. Bb5 Be7 8. O-O
O-O 9. Ne2 Bg4 10. Bxc6 bxc6 11. Nfd4 Bd7 12. d3 Nc5 13. Qc2 Qe8 14. Nf4 Na6 15.
Qa4 Nc5 16. Qa5 Qb8 17. Be3 Ne6 18. Nfxe6 fxe6 19. Nb3 Re8 20. Bc5 a6 21. Rac1
Bg5 22. f4 Bh6 23. Rc2 Kh8 24. Nd4 Qb7 25. Qe1 g6 26. h4 Bf8 27. b3 a5 28. a4
Bxc5 29. Rxc5 Qb6 30. Qc3 Reb8 31. Kf2 Rf8 32. Ke2 Ra6 33. g4 Qb8 34. Ke3 Qd8
35. g5 Qe7 36. Ke2 h6 37. Qc1 hxg5 38. hxg5 Kg7 39. Rh1 Rh8 40. Rxh8 Kxh8 41.
Kf3 Kg7 42. Nxc6 Bxc6 43. Rxc6 Rxc6 44. Qxc6 Kf7 45. Qb5 c5 46. Qxa5 c4 47. dxc4
dxc4 48. bxc4 Qb7+ 49. Ke3 Qb3+ 50. Kd4 Qb2+ 51. Kc5 Qf2+ 52. Kb5 Qb2+ 53. Ka6
Qc2 54. Qc7+ Ke8 55. Qc6+ Kd8 56. Qd6+ Kc8 57. Qxe6+ Kb8 58. Qb6+ Kc8 59. Qc6+
Kd8 60. e6 1-0

[Event "GAMMA Reykjavik Open 2019"]
[Site "Reykjavik ISL"]
[Date "2019.04.15"]
[Round "8.14"]
[White "Salles, Louis"]
[Black "Hjartarson, Johann"]
[Result "0-1"]
[WhiteTitle "CM"]
[BlackTitle "GM"]
[WhiteElo "2221"]
[BlackElo "2520"]
[WhiteFideId "20641826"]
[BlackFideId "2300044"]
[EventDate "2019.04.08"]

1. Nf3 Nf6 2. c4 b6 3. g3 c5 4. Bg2 Bb7 5. O-O g6 6. b3 Bg7 7. Bb2 O-O 8. d4
cxd4 9. Qxd4 d6 10. Nc3 Nbd7 11. Qd2 a6 12. Ne1 Bxg2 13. Kxg2 Rb8 14. a4 Nc5 15.
Qc2 Qd7 16. f3 Rfc8 17. Rd1 Qb7 18. e4 h5 19. Ba1 Ne8 20. Nd3 b5 21. axb5 axb5
22. Nxb5 Nxe4 23. Bxg7 Nxg7 24. Qe2 Ng5 25. Nf4 Nf5 26. Rd5 e5 27. Nxd6 Nxd6 28.
Qxe5 Nf5 29. Nxh5 Nh7 30. Re1 Qxb3 31. c5 Re8 32. Qxe8+ Rxe8 33. Rxe8+ Nf8 34.
Rdd8 gxh5 35. Rxf8+ Kg7 36. Rh8 Qc2+ 37. Kh3 Ne3 38. Rdg8+ Kf6 39. Rh6+ Ke7 40.
Rxh5 Qg2+ 41. Kh4 Qxh2+ 42. Kg5 Qxg3+ 0-1

[Event "GAMMA Reykjavik Open 2019"]
[Site "Reykjavik ISL"]
[Date "2019.04.15"]
[Round "8.15"]
[White "Kanarek, Marcel"]
[Black "Tania, Sachdev"]
[Result "1/2-1/2"]
[WhiteTitle "GM"]
[BlackTitle "IM"]
[WhiteElo "2505"]
[BlackElo "2397"]
[WhiteFideId "1126822"]
[BlackFideId "5007844"]
[EventDate "2019.04.08"]

1. e4 e5 2. Nf3 Nc6 3. Bb5 a6 4. Ba4 Nf6 5. d3 d6 6. c3 g6 7. O-O Bg7 8. h3 O-O
9. Be3 b5 10. Bc2 Bb7 11. Nbd2 Qd7 12. a4 Kh8 13. Re1 Ng8 14. d4 exd4 15. Nxd4
Nxd4 16. cxd4 Rfe8 17. b4 Ne7 18. Bb3 f5 19. e5 dxe5 20. dxe5 Bxe5 21. Bg5 Ng8
22. Rc1 Bg7 23. Rxe8 Rxe8 24. axb5 axb5 25. Qc2 Nf6 26. Nf1 Nd5 27. Rd1 c6 28.
Qc5 h6 29. Bxd5 cxd5 30. Be3 Qc6 31. Rc1 Qxc5 32. Rxc5 d4 33. Bd2 Re5 34. Rxe5
Bxe5 35. Bxh6 f4 36. g3 fxg3 37. fxg3 Kg8 38. Kf2 Kf7 39. g4 Ke6 40. h4 Bc6 41.
h5 gxh5 42. gxh5 Be8 43. Ng3 Kd5 44. Bd2 Kc4 45. h6 Bg6 46. Ne2 Bd6 47. Nf4 Bxf4
48. Bxf4 Kxb4 49. Ke2 Kc3 50. Kd1 b4 51. Kc1 Bh7 52. Bg5 b3 53. Bd2+ Kd3 54. Ba5
Ke2 55. Kb2 d3 56. Kxb3 d2 57. Bxd2 Kxd2 1/2-1/2

[Event "GAMMA Reykjavik Open 2019"]
[Site "Reykjavik ISL"]
[Date "2019.04.15"]
[Round "8.16"]
[White "Van Foreest, Jorden"]
[Black "Borocz, Istvan1"]
[Result "1-0"]
[WhiteTitle "GM"]
[BlackTitle "IM"]
[WhiteElo "2598"]
[BlackElo "2350"]
[WhiteFideId "1039784"]
[BlackFideId "703036"]
[EventDate "2019.04.08"]

1. e4 c5 2. Nf3 d6 3. d4 cxd4 4. Nxd4 Nf6 5. Nc3 a6 6. h3 e6 7. g4 h6 8. Bg2 g5
9. b3 Nbd7 10. Bb2 Ne5 11. Qd2 Bd7 12. O-O-O Rc8 13. Kb1 b5 14. Nce2 Be7 15. f4
gxf4 16. Nxf4 Qc7 17. Rhf1 Rg8 18. Qe2 Rg5 19. Nd3 Bc6 20. h4 Rg8 21. Nxe5 dxe5
22. Nxc6 Qxc6 23. g5 hxg5 24. Bxe5 Nd7 25. Bb2 g4 26. Qf2 Rf8 27. e5 Qc7 28. h5
Nb6 29. h6 Bg5 30. h7 Rh8 31. Bc6+ Kf8 32. Rd7 Rxh7 33. Rxc7 1-0

[Event "GAMMA Reykjavik Open 2019"]
[Site "Reykjavik ISL"]
[Date "2019.04.15"]
[Round "8.17"]
[White "Christiansen, Johan-Sebastian"]
[Black "Van de Plassche, Bas"]
[Result "1/2-1/2"]
[WhiteTitle "GM"]
[BlackTitle "FM"]
[WhiteElo "2571"]
[BlackElo "2376"]
[WhiteFideId "1512668"]
[BlackFideId "1001965"]
[EventDate "2019.04.08"]

1. Nf3 c5 2. c4 Nc6 3. Nc3 e5 4. e3 Nf6 5. d4 cxd4 6. exd4 e4 7. Ne5 Bb4 8. Be2
Qa5 9. O-O Nxe5 10. dxe5 Qxe5 11. Bd2 Bc5 12. Nb5 O-O 13. b4 Be7 14. f4 Qb8 15.
f5 b6 16. Bf4 d6 17. c5 bxc5 18. bxc5 Ba6 19. Rb1 Rd8 20. cxd6 Qb6+ 21. Kh1 Bxb5
22. Rxb5 Qc6 23. Qb3 Bxd6 24. Rb7 Rf8 25. Rc1 Qxb7 26. Qxb7 Bxf4 27. Rd1 Be3 28.
Qb3 Bb6 29. g4 e3 30. Kg2 Ne4 31. a4 Rac8 32. Qb4 Rc2 33. Qxe4 Rxe2+ 34. Kh3 Rd2
35. Ra1 h6 36. Rg1 Rfd8 37. g5 hxg5 38. a5 Bc7 39. Rxg5 Rxh2+ 40. Kg4 Rhd2 41.
Qe7 e2 42. f6 R8d4+ 43. Kh5 g6+ 44. Rxg6+ fxg6+ 45. Kxg6 Rg4+ 46. Kh5 Bd8 47.
f7+ Kh7 48. f8=Q+ Bxe7 49. Qh6+ Kg8 50. Qe6+ Kf8 51. Kxg4 Bb4 52. Qc8+ Kf7 53.
Qc4+ Kg7 54. Qc7+ Kf6 55. Qc6+ Ke5 56. Qb5+ Ke6 57. Qc6+ Ke7 58. Qb7+ Ke6 1/2-1/2

[Event "GAMMA Reykjavik Open 2019"]
[Site "Reykjavik ISL"]
[Date "2019.04.15"]
[Round "8.18"]
[White "Sowray, Peter J"]
[Black "Fier, Alexandr"]
[Result "1-0"]
[WhiteTitle "FM"]
[BlackTitle "GM"]
[WhiteElo "2356"]
[BlackElo "2570"]
[WhiteFideId "400971"]
[BlackFideId "2107139"]
[EventDate "2019.04.08"]

1. Nf3 Nf6 2. c4 g6 3. g3 Bg7 4. Bg2 d5 5. cxd5 Nxd5 6. Nc3 Nb6 7. O-O O-O 8. d3
Nc6 9. Be3 e5 10. Qd2 Re8 11. Bh6 Bh8 12. Rac1 Bf5 13. Ng5 Qe7 14. Nd5 Nxd5 15.
Bxd5 Nd8 16. e4 c6 17. Bb3 Be6 18. Nxe6 Nxe6 19. Be3 Red8 20. Kg2 Rd7 21. a4
Rad8 22. Bc4 Nd4 23. Rce1 Bg7 24. f4 Bh6 25. Qf2 exf4 26. gxf4 Kh8 27. Kh1 a6
28. a5 f6 29. Rg1 Qf8 30. Rg3 f5 31. Rh3 Bg7 32. e5 Qe8 33. Qh4 h6 34. Rg1 Ne6
35. Rhg3 g5 36. fxg5 Bxe5 37. Rh3 Bg7 38. g6 f4 39. Bb6 Rd4 40. Bxd8 Nxd8 41.
Re1 Qxg6 42. Qe7 Qd6 43. Qxd6 Rxd6 44. Rh4 Rf6 45. Kg2 Nf7 46. Rg4 h5 47. Rh4
Nd6 48. Rxh5+ Bh6 49. Re7 Rg6+ 50. Kf3 Rf6 51. Rd7 Nf5 52. b4 Nd6 53. Re5 Bf8
54. Bb3 Rh6 55. Rg5 1-0

[Event "GAMMA Reykjavik Open 2019"]
[Site "Reykjavik ISL"]
[Date "2019.04.15"]
[Round "8.19"]
[White "Stefansson, Hannes"]
[Black "Bjornsson, Sigurbjorn"]
[Result "1-0"]
[WhiteTitle "GM"]
[BlackTitle "FM"]
[WhiteElo "2558"]
[BlackElo "2312"]
[WhiteFideId "2300087"]
[BlackFideId "2300974"]
[EventDate "2019.04.08"]

1. e4 c5 2. Nf3 d6 3. d4 cxd4 4. Nxd4 Nf6 5. Nc3 g6 6. Be3 Bg7 7. f3 O-O 8. Qd2
Nc6 9. O-O-O d5 10. exd5 Nxd5 11. Nxc6 bxc6 12. Bd4 Bxd4 13. Qxd4 Qb6 14. Na4
Qa5 15. b3 Qc7 16. h4 Rd8 17. c4 Bf5 18. cxd5 Rxd5 19. Qe3 Rxd1+ 20. Kxd1 Rd8+
21. Kc1 Qd6 22. Nb2 h5 23. Bd3 Bxd3 24. Rd1 Qa3 25. Rxd3 Rxd3 26. Qxd3 Qxa2 27.
Qd8+ Kg7 28. Qd4+ Kg8 29. Qa4 Qxa4 30. Nxa4 Kg7 31. Kd2 Kf6 32. Nc3 Ke5 33. Kd3
f6 34. Ne2 g5 35. g3 Kd5 36. f4 g4 37. f5 Ke5 38. Nd4 c5 39. Nc6+ Kxf5 40. Nxe7+
Ke6 41. Ng6 1-0

[Event "GAMMA Reykjavik Open 2019"]
[Site "Reykjavik ISL"]
[Date "2019.04.15"]
[Round "8.21"]
[White "Ciolek, Andreas"]
[Black "Tang, Andrew"]
[Result "0-1"]
[WhiteTitle "FM"]
[BlackTitle "GM"]
[WhiteElo "2284"]
[BlackElo "2501"]
[WhiteFideId "12906727"]
[BlackFideId "2059630"]
[EventDate "2019.04.08"]

1. e4 e5 2. Nf3 Nc6 3. Nc3 Nf6 4. d4 exd4 5. Nxd4 Bb4 6. Nxc6 bxc6 7. Bd3 d5 8.
exd5 cxd5 9. O-O O-O 10. h3 c6 11. Qf3 Rb8 12. Bf4 Bd6 13. b3 h6 14. Rfe1 Rb4
15. Bxd6 Qxd6 16. Qg3 Qxg3 17. fxg3 Be6 18. a3 Rbb8 19. b4 Nd7 20. Na4 Rfd8 21.
Rab1 Kf8 22. Nc5 Ke7 23. Nxd7 Kxd7 24. Rbc1 c5 25. bxc5 Kc6 26. Rb1 Kxc5 27. Kf2
Rf8 28. c3 Rb6 29. Rb4 Rc8 30. Reb1 Bd7 31. Re1 Kd6 32. Rc1 Rbc6 33. c4 a5 34.
Rb7 R8c7 35. Rxc7 Rxc7 36. Ke3 Ke5 37. Rc2 Ba4 38. Rc1 Rc5 39. g4 Bb3 40. Rf1
dxc4 41. Be4 c3 42. Rf5+ Kd6 43. Rxc5 Kxc5 44. Kd3 c2 45. Kd2 Kd4 46. Bxc2 Bxc2
47. Kxc2 Ke3 48. Kb3 Kf2 49. Ka4 Kxg2 50. Kxa5 Kxh3 51. a4 Kxg4 52. Kb4 f5 53.
a5 f4 54. Kc3 f3 55. Kd2 Kg3 56. a6 f2 0-1

[Event "GAMMA Reykjavik Open 2019"]
[Site "Reykjavik ISL"]
[Date "2019.04.15"]
[Round "8.22"]
[White "Sarkar, Justin"]
[Black "Saduakassova, Dinara"]
[Result "1/2-1/2"]
[WhiteTitle "IM"]
[BlackTitle "IM"]
[WhiteElo "2337"]
[BlackElo "2461"]
[WhiteFideId "2010011"]
[BlackFideId "13700090"]
[EventDate "2019.04.08"]

1. e4 c5 2. Nf3 Nc6 3. d4 cxd4 4. Nxd4 g6 5. c4 Nf6 6. Nc3 d6 7. Nc2 Bg7 8. Be2
O-O 9. O-O Nd7 10. Bd2 Nc5 11. b4 Bxc3 12. Bxc3 Nxe4 13. Bb2 Be6 14. b5 Ne5 15.
Qd4 Nf6 16. c5 Rc8 17. f4 Ned7 18. g4 dxc5 19. Qc3 Nb6 20. f5 Na4 21. Qe5 Qd2
22. fxe6 Qxc2 23. exf7+ Kg7 24. Rab1 Nxb2 25. g5 Rxf7 26. Rxb2 Qa4 27. Rf4 c4
28. Qc3 Rc5 29. gxf6+ exf6 30. Rxc4 Rxc4 31. Qxc4 Qa5 32. Qd4 Re7 33. Rd2 Re5
34. Qd7+ Kh6 35. Qh3+ Kg7 36. Qd7+ Kh6 37. Qh3+ Kg7 38. Rd7+ Kf8 39. Qh4 Ke8 40.
Rxb7 Rxe2 41. Rb8+ Ke7 42. Rb7+ Ke8 43. Rb8+ Ke7 1/2-1/2

[Event "GAMMA Reykjavik Open 2019"]
[Site "Reykjavik ISL"]
[Date "2019.04.15"]
[Round "8.23"]
[White "Thorfinnsson, Bragi"]
[Black "Jacobsen, Mikkel Manosri"]
[Result "1-0"]
[WhiteTitle "GM"]
[BlackTitle "FM"]
[WhiteElo "2436"]
[BlackElo "2302"]
[WhiteFideId "2300958"]
[BlackFideId "1444514"]
[EventDate "2019.04.08"]

1. d4 d5 2. Bf4 Nf6 3. Nc3 c6 4. e3 Nbd7 5. Bd3 Qa5 6. a3 g6 7. h4 h6 8. g4 Bg7
9. f3 h5 10. Qd2 hxg4 11. Qh2 c5 12. Bc7 b6 13. Bb5 Ba6 14. Bc6 Rc8 15. O-O-O
Bh6 16. Kb1 Bxe3 17. Qe5 Bxd4 18. Rxd4 Rh5 19. Qe1 cxd4 20. Bd6 Re5 21. Qxe5 1-0